NFL Quiz 3 - Statistiken

Allgemein
  • Dieses Quiz wurde 148 mal gespielt
  • Das Durchschnittsergebnis liegt bei 11 aus 15
Antwortstatistiken
Frage Antwort % Korrekt
Wie heißt dass bekannte NFL Videospiel? Madden
100%
Wie oft konnten die Buffalo Bills den Super Bowl gewinnen? 0
86%
Was bedeutet MVP? Most Value Player
86%
Errate den Spieler nach seiner Karriere? (stand 26.7.2023) Wurde 2014 gedraftet: Giants 2014-2018, Browns 2018-2021,Rams 2021-2022,Ravens 2023-jetzt Odell Beckham Jr.
86%
Was ist Keine Position in der NFL? Strong Corner
86%
Wie oft Standen die Buffalo Bills im Super Bowl? 4
79%
Welches Team Draftete ihn? Carolina Panthers
79%
Welcher Spieler Gewann Noch Nicht den MVP Titel stand(26.7.2023)? Joe Burrow
79%
In welchen Jahr erschien der erste Teil des bekannten Videospiels? 1999
71%
Wer war der 1 pick im NFL Draft? (2023) Bryce Young
71%
Welches Team spielt nicht in der AFC South? Atlanta Falcons
64%
Welches Team spielt nicht in der NFC-North? Cleveland Browns
64%
Errate den Spieler Nach seiner Karriere? stand (26.7.2023) Wurde 2015 Gedraftet: Titans 2015-2019,Radiders 2020-2021,Falcons 2022,Eagles 2023-jetzt Marcus Mariota
64%
Welcher NFL Spieler wurde in diesen Jahr MVP? Kurt Warner
43%
Wer spielte im Super Bowl LII (52)? New England Patriots vs Philadelphia Eagles
43%
Keine übereinstimmenden Quizze gefunden
Verteilung der Resultate
Anzahl Personen mit jedem Resultat
Perzentil nach korrekt beantworteten Fragen
Ihre Resultats-Entwicklung
Sie haben dieses Quiz noch nicht gespielt